=LDR 00000nam 2200000 4500 =001 NUTBA000000000004394 =005 20140912093527.0 =006 =007 =008 =035 ##$$a 0010-091400000000427 =040 ##$$a NBPDMAT =082 ##$$a 372.4 =084 ##$$a 372.4 Moh l =100 ##$$a Moh. Kusnadi Wasrie =245 ##$$a lancar membaca Tanpa dieja / $c Moh. Kusnadi Wasrie; penyunting, adi Wong T =260 ##$$a Surabaya : $b Cahaya Agency, (s.a) =300 ##$$a 64 hlm. : $b ilus. ; $c 29 cm. =650 ##$$a Membaca =990 ##$$a 21409602 =990 ##$$a 0001/BPAP-NTB/20142014 =990 ##$$a 0001/BPAP-NTB/20142014 =990 ##$$a 0001/BPAP-NTB/20142014 =990 ##$$a 0001/BPAP-NTB/20142014 =990 ##$$a 0001/BPAP-NTB/20142014